El florecimiento humano : (Registro nro. 173546)
[ vista simple ]
| 000 -LEADER | |
|---|---|
| fixed length control field | 01508cam a2200385 i 4500 |
| 001 - CONTROL NUMBER | |
| control field | 23242716 |
| 006 - FIXED-LENGTH DATA ELEMENTS--ADDITIONAL MATERIAL CHARACTERISTICS--GENERAL INFORMATION | |
| fixed length control field | m o d |
| 007 - PHYSICAL DESCRIPTION FIXED FIELD--GENERAL INFORMATION | |
| fixed length control field | cr un ---uuuua |
| 008 - FIXED-LENGTH DATA ELEMENTS--GENERAL INFORMATION | |
| fixed length control field | 230704s2023 sp ob 000 0 spa d |
| 010 ## - LIBRARY OF CONGRESS CONTROL NUMBER | |
| LC control number | 2023377849 |
| 020 ## - INTERNATIONAL STANDARD BOOK NUMBER | |
| International Standard Book Number | 9788411700375 |
| Qualifying information | (paperback) |
| 020 ## - INTERNATIONAL STANDARD BOOK NUMBER | |
| International Standard Book Number | 9788411702553 |
| Qualifying information | (electrónico) |
| 035 ## - | |
| -- | 41928 |
| 040 ## - CATALOGING SOURCE | |
| Original cataloging agency | UtOrBLW |
| Language of cataloging | eng |
| Description conventions | rda |
| Transcribing agency | UtOrBLW |
| 042 ## - | |
| -- | lccopycat |
| 050 00 - | |
| -- | JF799 |
| -- | .L46 2023 |
| 082 04 - | |
| -- | 323.042 |
| -- | 23 |
| 100 1# - MAIN ENTRY--PERSONAL NAME | |
| Personal name | León Rugeles, Franklin, |
| Relator term | author. |
| 245 13 - TITLE STATEMENT | |
| Title | El florecimiento humano : |
| Remainder of title | un asunto político-comunitario : una propuesta de participación ciudadana a partir del pensamiento de Alasdair Macintyre / |
| Statement of responsibility, etc | Franklin León Rugeles. |
| 264 #1 - | |
| -- | Madrid : |
| -- | Dykinson, |
| -- | [2023] |
| 300 ## - PHYSICAL DESCRIPTION | |
| Extent | 1 online resource (284 pages) |
| 336 ## - | |
| -- | text |
| -- | txt |
| -- | rdacontent |
| 337 ## - | |
| -- | computer |
| -- | c |
| -- | rdamedia |
| 338 ## - | |
| -- | online resource |
| -- | cr |
| -- | rdacarrier |
| 490 0# - SERIES STATEMENT | |
| Series statement | Filosofía y teología pública |
| 504 ## - BIBLIOGRAPHY, ETC. NOTE | |
| Bibliography, etc | Includes bibliographical references (pages 275-284). |
| 505 0# - FORMATTED CONTENTS NOTE | |
| Formatted contents note | Panorama general de la participación: planteamiento, problemas y alcances -- La participación ciudadana en la filosofía política -- La participación para el florecimiento humano. |
| 650 #0 - SUBJECT ADDED ENTRY--TOPICAL TERM | |
| Topical term or geographic name as entry element | Political participation. |
| 650 #0 - SUBJECT ADDED ENTRY--TOPICAL TERM | |
| Topical term or geographic name as entry element | Social participation. |
| 600 10 - SUBJECT ADDED ENTRY--PERSONAL NAME | |
| Personal name | MacIntyre, Alasdair C. |
| 650 #0 - SUBJECT ADDED ENTRY--TOPICAL TERM | |
| Topical term or geographic name as entry element | Political science |
| General subdivision | Philosophy. |
| 856 40 - LOCALIZACIÓN Y ACCESO ELECTRÓNICO | |
| Identificador Uniforme del Recurso (URI/URL) | https://app.vlex.com/#/sources/41928 |
| 942 ## - | |
| -- | RAA |
| 999 ## - | |
| -- | 173546 |
| -- | 173546 |
No hay ítems disponibles.